Compliance e direito penal econômico / (Record no. 115)

MARC details
000 -LÍDER
Campo Fixo de Controle 00718cam a2200241 a 4500
001 - NÚMERO DE CONTROLE
Campo de Controle 115
003 - IDENTIFICAÇÃO DO NÚMERO DE CONTROLE
Campo de Controle BR-CuiBMT
005 - DATA E HORA DA ÚLTIMA ATUALIZAÇÃO
Campo de Controle 20231114233115.0
008 - DADOS FIXOS
Dados Fixos 230816s2023 mgb 000 0 por d
020 ## - INTERNATIONAL STANDARD BOOK NUMBER
Nº do ISBN 9786555180459
040 ## - AGÊNCIA CATALOGADORA
Código da Agência Catalogadora BR-CuiBMT
Agência que transcreveu o registro BR-CuiBMT
080 ## - Nº DA CLASSIFICAÇÃO DECIMAL UNIVERSAL
Nº Class. CDU 34:336.2
Nº edição CDU 2007
090 ## - NÚMERO DE CHAMADA
Nº classificação 34:336.2
Cutter T157c
100 1# - ENTRADA PRINCIPAL -- AUTOR PESSOAL
Nome pessoal Tamer, Mauricio Antonio
245 10 - TÍTULO PRINCIPAL
Título principal Compliance e direito penal econômico /
Indicação de responsabilidade Maurício Tamer.
260 ## - PUBLICAÇÃO, DISTRIBUIÇÃO, ETC.
Local de publicação Belo Horizonte :
Editora Fórum,
Data 2023.
300 ## - DESCRIÇÃO FÍSICA
N. páginas ou volumes 263 p. ;
Dimensões 22 cm
504 ## - NOTA DE BIBLIOGRAFIA, ETC.
Nota de bibliografia Inclui bibliografia.
650 ## - ASSUNTO TÓPICO
Cabeçalho tópico ou nome geográfico Programas de compliance
Subdivisão geral Fundamentos
650 ## - ASSUNTO TÓPICO
Cabeçalho tópico ou nome geográfico Direito penal econômico
Subdivisão geral Teoria jurídica
650 ## - ASSUNTO TÓPICO
Cabeçalho tópico ou nome geográfico Direito processual penal
Subdivisão geográfica Brasil
942 ## - ELEMENTOS DE ENTRADA ADICIONAIS (KOHA)
Fonte de classificação ou esquema de arquivamento Classificação Decimal Universal
Tipo de item do Koha Livros
Holdings
Estado: removido Estado: perdido Fonte de classificação ou esquema de arquivamento Estado: danificado Indisponível para empréstimo Localização permanente Localização atual Data de aquisição Total Checkouts Número de Chamada completo Código de barras Date last seen Número do exemplar Preço efetivo a partir de Tipo de item (Koha)
    Classificação Decimal Universal     Biblioteca da Escola Superior de Contas do TCE/MT Biblioteca da Escola Superior de Contas do TCE/MT 28/07/2023   34:336.2 T157c BIBTCEMT23080092 16/08/2023 Ex. 1 16/08/2023 Livros

Powered by Koha